000 00254nam a2200097Ia 4500
001 1002913
005 20250826230439.0
008 250824s9999 xx 000 0 und d
245 0 _aGÜNEŞİ ARAYAN ÇOCUK
_cBİLGİN ADALI
260 _bHEP KİTAP YAYINLARI
999 _c1002913
_d1002913